Farm management/ (Record no. 7739)

MARC details
000 -LEADER
fixed length control field 00505 a2200169 4500
010 ## - LCCN (DPL NO)
LC control number ENG-88176
020 ## - INTERNATIONAL STANDARD BOOK NUMBER
Terms of availability 1195.00
International Standard Book Number 9788189937140
035 ## - SYSTEM CONTROL NUMBER
System control number EN-71709
037 ## - SOURCE OF ACQUISITION
Source of stock number/acquisition DBAD / PUB
082 14 - DEWEY DECIMAL CLASSIFICATION NUMBER
Classification number 630.68
100 ## - MAIN ENTRY--PERSONAL NAME
Personal name Warren, G.F.
245 1# - TITLE STATEMENT
Title Farm management/
Statement of responsibility, etc by G.F. Warren
260 ## - PUBLICATION, DISTRIBUTION, ETC. (IMPRINT)
Place of publication, distribution, etc New Delhi
Name of publisher, distributor, etc Arise Publishers & Distributors
Date of publication, distribution, etc 2008
270 ## - ADDRESS
Address 4648/1, 21, Ansari Road, Darya Ganj,
City New Delhi
Postal code 110 002
300 ## - PHYSICAL DESCRIPTION
Extent 474p.
Dimensions 21cm (Hb)
942 ## - ADDED ENTRY ELEMENTS (KOHA)
Institution code [OBSOLETE] dpl
Item type English Books
Source of classification or shelving scheme Dewey Decimal Classification
Classification part 630.68
Call number suffix WAR
Holdings
Withdrawn status Lost status Not for loan Collection code Home library Current library Source of acquisition Cost, normal purchase price Full call number Barcode Copy number Cost, replacement price Koha item type
    Not For Loan Non-fiction D.B.Act.Division D.B.Act.Division DBAD/PUB 1195.00 630.68 WAR EN-71709 1 1195.00 English Books

© Delhi Public Library
Hit Counter
free hit counter